000 01116nam a2200277 i 4500
001 159615
003 ES-MaACL
005 20250902221214.0
008 990415s1860 sp af |||| | spa d
040 _aCCPB | B
_bspa
_cCCPB | B
080 _a620.17
080 _a624.042
100 1 _aMichon, Félix.
_9129899
245 1 0 _aInstrucción sobre la estabilidad de las construcciones /
_cescrita en francés por Michon ; traducida al castellano y aumentada con notas por Eduardo Saavedra.
260 _aMadrid :
_bImprenta Nacional,
_c1860.
300 _a2 v. ([7], 198, [1] p. ; 17 h. de lám.) ;
_c23 cm.
510 4 _aPalau,
_c168374
596 _aMarca tip. en port.
597 _aAntep.
599 _aLas h. de lám. lit.: "Lit. de J. Donon, Madrid" y "Lit. de la Corte, Fuencarral, 6"
650 4 _aResistencia de materiales.
_9136826
650 4 _aEstructuras (Construcción)-
_xCálculo
_912570
700 1 _aSaavedra, Eduardo,
_d1829-1912
_9101132
852 _aES-MaACL
_jT-183-F-2
_z- Enc. hol.
_q- Falto de la cub. original
_z- Enc. en un vol. facticio
999 _c159615
_d159615